Statistics for Official and Regional Languages of Europe on a Map

Click here to take the quiz!

General Stats

  • This quiz has been taken 69,432 times
  • The average score is 40 of 73

Answers on the Map

Answers color-coded by a green-red scale on the quiz's map according to % correct below.
 

Answer Stats

FamilyL1L2Language% Correct
Germanic63 mil197 milEnglish
99%
Romance71 mil64 milFrench
99%
Germanic97 mil63 milGerman
99%
Slavic106 mil54 milRussian
99%
Romance38 mil38 milSpanish
99%
Romance65 mil17 milItalian
98%
Germanic11 mil2.1 milSwedish
98%
Hellenic11 mil-Greek
97%
Romance10 mil-Portuguese
97%
Slavic38 mil-Polish
96%
Turkic12 mil-Turkish
96%
Slavic32 mil-Ukrainian
95%
Germanic22 mil-Dutch
94%
Uralic5.4 mil-Finnish
94%
Romance24 mil4.0 milRomanian
94%
Slavic21 mil-Serbo-Croatian
93%
Slavic10 mil-Czech
92%
Germanic5.5 mil-Danish
92%
Uralic1.1 mil-Estonian
92%
Baltic1.7 mil-Latvian
92%
Baltic3.0 mil-Lithuanian
92%
Germanic5.2 mil-Norwegian
92%
Slavic7.8 mil-Bulgarian
91%
Uralic13 mil-Hungarian
91%
Other
Indo-European
5.8 mil-Albanian
90%
Slavic5.2 mil-Slovak
90%
Germanic330 k-Icelandic
88%
Celtic240 k1.0 milIrish
88%
Slavic2.1 mil-Slovene
87%
Slavic1.4 mil-Macedonian
85%
Celtic57 k-Scottish Gaelic
84%
Celtic562 k188 kWelsh
84%
Slavic3.3 mil-Belarusian
78%
Romance4.0 mil6.0 milCatalan
76%
Language
isolate
750 k-Basque
61%
Germanic336 k50 kLuxembourgish
58%
Romance30 k95 kCorsican
54%
Romance1.3 mil-Sardinian
54%
Semitic520 k-Maltese
46%
Romance44 k-Romansh
44%
Romance2.4 mil-Galician
42%
Uralic23 k-Sami
42%
Celtic557-Cornish
39%
Germanic66 k-Faroese
32%
Germanic3.5 k-North Frisian
32%
Germanic470 k-West Frisian
32%
Turkic4.3 mil-Tatar
29%
Turkic480 k-Crimean Tatar
28%
Northeast
Caucasian
1.4 mil-Chechen
27%
Celtic2302.0 kManx
24%
Indo-Iranian597 k-Ossetian
23%
Slavic70 k-Rusyn
15%
Slavic20 k-Sorbian
15%
Uralic500 k-Hill/Meadow Mari
14%
Slavic50 k-Kashubian
13%
Northwest
Caucasian
117 k-Adyghe
11%
Mongolic80 k-Kalmyk
11%
Turkic1.1 mil-Chuvash
10%
Turkic140 k-Gagauz
10%
Northeast
Caucasian
300 k-Ingush
10%
Romance41 k-Ladin
10%
Turkic1.2 mil-Bashkir
9%
Uralic340 k-Udmurt
9%
Uralic220 k-Komi-Zyrian
8%
Romance15 k-Mirandese
8%
Romance1.9 k900Jèrriais
6%
Northwest
Caucasian
530 k-Kabardian
6%
Turkic300 k-Karachay-Balkar
6%
Romance200-Guernésiais
5%
Uralic2.0 k-Moksha
5%
Turkic87 k-Nogai
5%
Northwest
Caucasian
49 k-Abaza
4%
Uralic120 k-Erzya
4%

Score Distribution

Percentile by Number Answered

Percent of People with Each Score

Your Score History

You have not taken this quiz